Este amoroso tormento, el libro y la mujer novohispana (Record no. 6743)

MARC details
000 -CABECERA
campo de control de longitud fija 01075nam a2200277 a 4500
001 - NÚMERO DE CONTROL
campo de control BRCA_7062
005 - FECHA Y HORA DE LA ÚLTIMA TRANSACCIÓN
campo de control 20190320205710.0
008 - DATOS DE LONGITUD FIJA--INFORMACIÓN GENERAL
campo de control de longitud fija 031211s2010----mx-a######---#000-0#spa-#
020 ## - NÚMERO INTERNACIONAL ESTÁNDAR DEL LIBRO
Número Internacional Estándar del Libro 9786074161960
041 ## - CÓDIGO DE LENGUA
Código de lengua del texto/banda sonora o título independiente spa
050 #4 - SIGNATURA TOPOGRÁFICA DE LA BIBLIOTECA DEL CONGRESO
Número de documento/Ítem C37 2010
100 1# - ENTRADA PRINCIPAL--NOMBRE DE PERSONA
Nombre de persona Carreño Velázquez, Elvia
9 (RLIN) 17554
245 10 - MENCIÓN DE TÍTULO
Título Este amoroso tormento, el libro y la mujer novohispana
Mención de responsabilidad, etc. bajo la coordinación de Elvia Carreño Velázquez y la colaboración de Verónica De León Ham, Adriana De León Ham y Miguel Ángel Romero Cora.
260 ## - PUBLICACIÓN, DISTRIBUCIÓN, ETC.
Lugar de publicación, distribución, etc. México
Nombre del editor, distribuidor, etc. Apoyo al Desarrollo de Archivos y Bibliotecas de México
Fecha de publicación, distribución, etc. 2010
300 ## - DESCRIPCIÓN FÍSICA
Extensión 594 p.
Otras características físicas il. (algunas a color)
Dimensiones 29 cm.
500 ## - NOTA GENERAL
Nota general Incluye apéndices
504 ## - NOTA DE BIBLIOGRAFÍA, ETC.
Nota de bibliografía, etc. Incluye referencias bibliográficas
504 ## - NOTA DE BIBLIOGRAFÍA, ETC.
Nota de bibliografía, etc. Bibliografía: p. 591-594
650 14 - PUNTO DE ACCESO ADICIONAL DE MATERIA--TÉRMINO DE MATERIA
Término de materia o nombre geográfico como elemento de entrada Mujeres
Subdivisión general Historia
Subdivisión geográfica Nueva España
9 (RLIN) 17555
650 14 - PUNTO DE ACCESO ADICIONAL DE MATERIA--TÉRMINO DE MATERIA
Término de materia o nombre geográfico como elemento de entrada Bibliotecas
Subdivisión general Historia
9 (RLIN) 9066
650 14 - PUNTO DE ACCESO ADICIONAL DE MATERIA--TÉRMINO DE MATERIA
Término de materia o nombre geográfico como elemento de entrada Libro
Subdivisión general Historia
9 (RLIN) 5746
700 1# - PUNTO DE ACCESO ADICIONAL--NOMBRE DE PERSONA
Nombre de persona León Ham, Verónica de
9 (RLIN) 17556
700 1# - PUNTO DE ACCESO ADICIONAL--NOMBRE DE PERSONA
Nombre de persona León Ham, Adriana de
9 (RLIN) 17557
700 1# - PUNTO DE ACCESO ADICIONAL--NOMBRE DE PERSONA
Nombre de persona Romero Cora, Miguel Ángel
9 (RLIN) 17558
942 ## - ELEMENTOS DE PUNTO DE ACCESO ADICIONAL (KOHA)
Fuente del sistema de clasificación o colocación Library of Congress Classification
Tipo de ítem Koha Libros
Holdings
Estado de retiro Estado de pérdida Estado dañado No para préstamo Localización permanente Ubicación/localización actual Fecha de adquisición Total de préstamos Signatura topográfica completa Código de barras Fecha visto por última vez Precio válido a partir de Tipo de ítem Koha
El ejemplar forma parte de la colección y puede ser consultado según las políticas vigentes.       Biblioteca del Museo Franz Mayer (Rogerio Casas-Alatriste) Biblioteca del Museo Franz Mayer (Rogerio Casas-Alatriste) 03/12/2011   C37 2010 02697 22/03/2019 22/03/2019 Libros